| 000 | 02272cam a22003737a 4500 | ||
|---|---|---|---|
| 001 | 16883623 | ||
| 003 | OSt | ||
| 005 | 20240215113928.0 | ||
| 008 | 110721s2011 sz ae 000 0 eng d | ||
| 010 | _a 2011414827 | ||
| 016 | 7 |
_a015763138 _2Uk |
|
| 020 | _a9783034606882 | ||
| 020 | _a3034606885 | ||
| 035 | _a(OCoLC)ocn698332259 | ||
| 040 |
_aBTCTA _beng _cBTCTA _dERASA _dYDXCP _dUKMGB _dZ5U _dKSU _dS3O _dUPM _dEYM _dDEBBG _dOHX _dZCU _dOMB _dDLC |
||
| 042 | _alccopycat | ||
| 043 | _ae-sw--- | ||
| 050 | 0 | 0 |
_aNA1293.T446 _bA4 2011 |
| 082 | 0 | 4 |
_a720.9224873 _222 _bOUT |
| 084 |
_aARC 025 Tham B _2stub |
||
| 245 | 0 | 0 |
_aOut of the real : _bTham & Videgård Arkitekter / _cedited and with an essay by Johan Linton ; photographs by Åke E:son Lindman. |
| 246 | 3 | 0 | _aTham & Videgård Arkitekter |
| 260 |
_aBasel, Switzerland : _bBirkhauser, _cc2011. |
||
| 300 |
_a207 p. : _bill. (some col.), plans ; _c35 cm. |
||
| 505 | 0 | _aIntroduction : Out of the real: the making of architecture -- Works : Archipelago House ; Tellus Nursery School ; Kalmar Museum of Art ; Atrium House ; Söderöra ; Moderna Museet Malmö ; Garden House ; Humlegården Apartment ; Tree Hotel ; Double Houses ; Ordos 100 ; Vertical Village ; Karlsson House ; Circuit House Naturum Laponia ; Brick House ; Electron Microscope ; House K ; Botanic Garden House ; Åhlén Department Store ; Stockholm Concert Hall ; Simrishamn Apartments ; Vållingby Parkstad ; Double House ; Cloud Chamber ; Våstra Kajen ; Bergman Center ; School of Architecture KTH -- Epilogue : Architecture and the reality of learning: an ongoing project. | |
| 520 | 8 | _aIn their designs, Tham and Videgård take as their starting points the Nordic tradition - closeness to nature and economy of means - as well as the concrete parameters of the project on which they are working - the result, however, is buildings with surprising and fascinating forms. | |
| 610 | 2 | 0 |
_aTham & Videgård Arkitekter. _9120514 |
| 650 | 0 |
_aArchitecture _zSweden _y21st century. _9120515 |
|
| 700 | 1 |
_aLinton, Johan, _d1966- _9120516 |
|
| 700 | 1 |
_aLindman, Åke E:son. _9120517 |
|
| 906 |
_a7 _bcbc _ccopycat _d2 _encip _f20 _gy-gencatlg |
||
| 942 |
_2ddc _cBK _aSADA _k720.9224873 OUT 2011 |
||
| 999 |
_c607761 _d607761 |
||